| 000 | 00631nam a22001937a 4500 | ||
|---|---|---|---|
| 999 |
_c18678 _d18678 |
||
| 003 | AR-CdUCM | ||
| 008 | 190515b ||||| |||| 00| 0 spa d | ||
| 040 |
_aMUNICIPALIDAD PROVINCIAL DEL CUSCO _cBIBLIOTECA MUNICIPAL DEL CUSCO |
||
| 082 |
_a818.36 / _bC965 |
||
| 245 | _aCuentos selectos de Edgar Alla Poe / | ||
| 260 |
_aMéxico : _bNovaro, _c1964. |
||
| 300 |
_a443 páginas ; _c17 cm. |
||
| 505 | _aContenido: El corazón delator -- El barril de amontillado -- Hop Frog... | ||
| 650 |
_aAlla Poe _939411 |
||
| 650 |
_aCuentos _9217 |
||
| 650 |
_aLiteratura universal _9611 |
||
| 942 |
_2ddc _cLIBROS |
||
| 945 |
_adavv _d2019-05-15 |
||